LEADER 00893nam a2200205 u 4500 001 000000091830 003 CaOOAMICUS 005 20070226124855.0 008 060328s1925 gw u000 u ger u 035 $a11083494 040 $aPUL(R)$bita 100 1 $aDörries, Hermann,$d1895-1977.$0(OLS)http://pul/name/3147 245 10$aZur Geschichte der Mystik :$bErigena und der Neuplatonismus /$cvon Hermann Dörries. 260 $aTübingen :$bverlag von J.C.B. Mohr ,$c1925. 300 $a122 p. ;$c24 cm 850 $aPUL 852 $aPUL$W1$xDP1 Fondo Seidl$y56$m2 B 23$j115470$nBK-PRI$b $qFondi$B115597$CPULBib$Z2$F115597 $HPUL91588 $81 941 1 $a1 996 $6245$aZur Geschichte der Mystik :$bErigena und der Neuplatonismus$9(OLS)http://pul/title/118519 996 $6260$aTübingen :$bverlag von J.C.B. Mohr $9(OLS)http://pul/publisher/78941 LEADER 01263namaa2200337 i 4500 001 000000178301 003 CaOOAMICUS 005 20251215155058.0 007 tu 008 251215s2025 it 000 u ita r 020 $a979-12-80365-59-0* 040 $aPUL$bita$erda 082 0 $a194 100 1 $aDoria, Piero,$d1964-,$eautore.$0(OLS)http://pul/name/70323 245 10$aMaritain e i vescovi italiani /$cPiero Doria. 264 4$cİ2025. 264 1$aSelci-Lama (Perugia) :$bPliniana,$c[2025] 300 $a115 pagine ;$c25 cm 336 $atesto$btxt$2rdacontent 337 $asenza mediazione$bn$2rdamedia 338 $avolume$bnc$2rdacarrier 504 $aBibliografia in nota a piè pagina. 850 $aPUL 852 $aPUL$W1$xSL Filosofia 3$y81$m194 DORPI 1$j202150$qDDC 21$B207402$CPULBib$Z2$F207402 $H138275 $82 941 1 $a9 996 $6020$a979-12-80365-59-0*$9(OLS)http://pul/number/170725 996 $6082$a194$9(OLS)http://pul/classification/382 996 $6245$aMaritain e i vescovi italiani$9(OLS)http://pul/title/219876 996 $6264$aSelci-Lama (Perugia) :$bPliniana$9(OLS)http://pul/publisher/85440 996 $6264$a[S.l.] :$b[s.n.]$9(OLS)http://pul/publisher/0